Word Ladder: Scarlett's Final Thought Quiz Stats

 Plays Quiz Updated Nov 6, 2015

Challenge
Share
Tweet
Embed
Score 0/24 Timer 02:00
0 Plays Today
Hint 3-Letter Word % Correct
Uncooked, as in meatRAW
97.3%
❈ Line of seats in a stadium ❈ROW
96.7%
Beat the opponentWIN
95.7%
Hero dog: ___ Tin TinRIN
95.6%
Male offspringSON
95.6%
❈ Star of our solar system ❈SUN
95.5%
Harry Potter's friend WeasleyRON
95%
What may be hot and crossBUN
92.9%
Storage receptacle BIN
91.1%
❈ Period of twenty-four hours ❈DAY
90.4%
Dried grass used as fodderHAY
87.1%
❈ Poss. sing. fem. pronoun ❈HER
85.8%
Hint 3-Letter Word % Correct
Attention-getting exclamationHEY
85.1%
❈ African-American Oz musical remake: The ___WIZ
84.3%
Commercial activity (informal abbrev.)BIZ
79.1%
❈ Negative adverb ❈NOT
77.4%
Habitual drunkardSOT
76.7%
Brooklyn NBA playerNET
67.9%
Throat of a voracious animalMAW
67.2%
❈ Damage the appearance ❈MAR
66.9%
Father of Abner, son of Abiel (1 Sam. 14:51)NER
62.3%
❈ Excessive adverb ❈TOO
51.9%
Old sailor, informallyTAR
51.4%
Rocky hillTOR
48%

Today's Daily Dose

You're not logged in!

Compare scores with friends on all Sporcle quizzes.
OR
Log In

You Might Also Like...

Show Comments

Extras

Top Quizzes Today


Score Distribution

Your Account Isn't Verified!

In order to create a playlist on Sporcle, you need to verify the email address you used during registration. Go to your Sporcle Settings to finish the process.

Report this User

Report this user for behavior that violates our Community Guidelines.

Details: